LEADER 00973nam a2200253 i 4500 001 991003440319707536 008 080305s2002 it 000 0 ita d 020 $a9788815084835 035 $ab13691338-39ule_inst 040 $aFacoltà SSPT$bita 082 0 $a338.09 100 1 $aBianchi, Patrizio $0319416 245 13$aLa rincorsa frenata :$bl?industria italiana dall?unità nazionale all?unificazione europea /$cPatrizio Bianchi 260 $aBologna :$bIl mulino,$cc2002 300 $a339 p. ;$c22 cm 440 0$aSaggi ;$v555 504 $aContiene riferimenti bibliografici [pp. 307-321] 650 4$aIndustria$zItalia$xStoria$y1861-2001 907 $a.b13691338$b02-04-14$c05-03-08 912 $a991003440319707536 945 $aLE021 338.09 BIA01.01$g1$i2020000000754$lle021$op$pE23.00$q-$rn$s- $t0$u0$v0$w0$x0$y.i14686569$z05-03-08 996 $aRincorsa frenata$941068 997 $aUNISALENTO 998 $ale020$b05-03-08$cm$da $e-$fita$git $h3$i0 LEADER 01738oam 2200457M 450 001 9910716168403321 005 20200213070915.8 035 $a(CKB)5470000002518429 035 $a(OCoLC)1065604024 035 $a(OCoLC)995470000002518429 035 $a(EXLCZ)995470000002518429 100 $a20071213d1926 ua 0 101 0 $aeng 135 $aurcn||||||||| 181 $ctxt$2rdacontent 182 $cc$2rdamedia 183 $acr$2rdacarrier 200 10$aBridge across certain portion of Lake Michigan. January 16 (calendar day, January 23), 1926. -- Ordered to be printed 210 1$a[Washington, D.C.] :$c[U.S. Government Printing Office],$d1926. 215 $a1 online resource (2 pages) 225 1 $aSenate report / 69th Congress, 1st session. Senate ;$vno. 76 225 1 $a[United States congressional serial set] ;$v[serial no. 8524] 300 $aBatch processed record: Metadata reviewed, not verified. Some fields updated by batch processes. 300 $aFDLP item number not assigned. 517 $aBridge across certain portion of Lake Michigan. January 16 606 $aBridge construction industry 606 $aBridges$xDesign and construction 606 $aBridges 608 $aLegislative materials.$2lcgft 615 0$aBridge construction industry. 615 0$aBridges$xDesign and construction. 615 0$aBridges. 701 $aBingham$b Hiram$f1875-1956$pRepublican (CT)$0463205 801 0$bWYU 801 1$bWYU 801 2$bOCLCO 801 2$bOCLCQ 906 $aBOOK 912 $a9910716168403321 996 $aBridge across certain portion of Lake Michigan. January 16 (calendar day, January 23), 1926. -- Ordered to be printed$93448211 997 $aUNINA